Zeki Başeskioğlu'nun yaşamı (Record no. 5179)

MARC details
000 -BAŞLIK
Sabit Uzunlukta Kontrol Alanı 00757na a2200253 4500
001 - KONTROL NUMARASI
Denetim Alanı 14044
003 - KONTROL NUMARASI IDENTIFIER
Denetim Alanı MIRAKIL
005 - SON İŞLEM TARİHİ VE ZAMANI
Denetim Alanı 20181213155029.0
008 - SABİT-BOY VERİ ELEMANLARI - GENEL BİLGİLER
Sabit Uzunlukta Kontrol Alanı 161102b tu 000 0
020 ## - ULUSLARARASI STANDART KİTAP NUMARASI
Uluslararası Standart Kitap Numarası 9786055755256
035 ## - SİSTEM KONTROL NUMARASI
Sistem Kontrol Numarası 14044
040 ## - KATALOGLAMA KAYNAK
Orijinal Kataloglama Ajansı Milas
Kataloglama Dili tur
Metne Dönüştürmek Ajansı TR-AnCHP
082 ## - DEWEY ONLU SINIFLANDIRMA NUMARASI
Sınıflandırma Numarası 923.6 Başeskioğlu,Z.
Ürün Numarası A47z 2009
090 ## - SINIFLAMA NUMARASI
Sınıflama Numarası 923.6 Başeskioğlu,Z. A47z 2009
100 ## - ANA GİRİŞ - KİŞİSEL İSİM
Kişisel Ad Altun, Şafak
245 ## - BAŞLIK TABLOSU
Başlık Zeki Başeskioğlu'nun yaşamı
Sorumluluk Tablosu, Vb Şafak Altun
260 ## - YAYIN, DAĞITIM, VB
Yayın, Dağıtım, Vb Yeri İstanbul
Yayıncı, Dağıtıcı, Vs Adı MediaCat Kitapları
Yayın, Dağıtım, Vb Tarihi 2009
300 ## - FİZİKSEL TANIM
Kapsam 175 s.
Diğer Fiziksel Ayrıntıları res.
Boyutlar 21 sm.
504 ## - KAYNAKÇA VB NOT
Kaynakça Vb Notu Kaynakça var.
600 ## - KONU KATMA GİRİŞ - KURUMSAL ADI
Kişisel Ad Başeskioğlu, Zeki
Bir Adıyla İlişkilendirilen Tarihler 1930-
Genel Alt Bölümü Yaşamöyküsü
650 ## - KONU KATMA GİRİŞ - TOPİKAL DÖNEM
Topikal Süreli Veya Coğrafi Ad Giriş Elemanı Moda tasarımcıları
Genel Alt Bölümü Yaşamöyküsü
Coğrafi Alt Bölümü Türkiye
700 ## - KATMA GİRİŞ - KİŞİSEL İSİM
Kişisel Ad Altun, Şafak
942 ## - EKLENDİ GİRİŞ ELEMANLARI (KOHA)
Sınıflandırma Veya Raf Düzeni Kaynak
Koha Öğesi Türü Books
999 ## - SİSTEM KONTROL NUMARALARI (KOHA)
Koha Biblionumber 5179
Koha Biblioitemnumber 5179
Holdings
Kalıcı Konum Mevcut Konum Edinme Tarihi Edinim Kaynak Seri Numaralandırma / Kronolojik Toplam Check-Out'Lar Tam Çağrı Numarası Barkod Tarih Son Görülme İtibaren Geçerli Fiyatlar Koha Öğesi Türü
CHP Kütüphanesi CHP Kütüphanesi 08/23/2016 Bağış c.2   923.6 Başeskioğlu,Z. A47z 2009 001920 08/23/2016 08/23/2016 Books